Name all White House Press Secretaries - Statistics

General Stats
  • This quiz has been taken 3 times
  • The average score is 14 of 39
Answer Stats
Years Served President Answer % Correct
2025-present Donald Trump Karoline Leavitt
100%
2022-2025 Joe Biden Karine Jean-Pierre
67%
2001-2003 George W. Bush Ari Fleischer
33%
1965-1967 Lyndon B. Johnson Bill Moyers
33%
1945-1950 Harry Truman Charlie Ross
33%
2007-2009 George W. Bush Dana Perino
33%
1993-1994 Bill Clinton Dee Dee Myers
33%
1929-1931 Herbert Hoover George Akerson
33%
1967-1969 Lyndon B. Johnson George Christian
33%
1964-1965 Lyndon B. Johnson George Reedy
33%
1993 Bill Clinton George Stephanopoulos
33%
2000-2001 Bill Clinton Jake Siewert
33%
1953-1961 Dwight D. Eisenhower James Hagerty
33%
2011-2014 Barack Obama Jay Carney
33%
2021-2022 Joe Biden Jen Psaki
33%
1974 Gerald Ford Jerald terHorst
33%
1981 Ronald Reagan Jim Brady
33%
1977-1981 Jimmy Carter Jody Powell
33%
1998-2000 Bill Clinton Joe Lockhart
33%
1945 Harry Truman Jonathan Daniels
33%
1950-1952 Harry Truman Joseph Short
33%
2014-2017 Barack Obama Josh Earnest
33%
2020-2021 Donald Trump Kayleigh McEnany
33%
1981-1987 (acting) Ronald Reagan Larry Speakes
33%
1987-1993 Ronald Reagan, George H.W. Bush Marlin Fitzwater
33%
1994-1998 Bill Clinton Mike McCurry
33%
1961-1964 John F. Kennedy, Lyndon B. Johnson Pierre Salinger
33%
2009-2011 Barack Obama Robert Gibbs
33%
1952-1953 Harry Truman Roger Tubby
33%
1974-1977 Gerald Ford Ron Nessen
33%
1969-1974 Richard Nixon Ron Ziegler
33%
2017-2019 Donald Trump Sarah Huckabee Sanders
33%
2003-2006 George W. Bush Scott McClellan
33%
2017 Donald Trump Sean Spicer
33%
2019-2020 Donald Trump Stephanie Grisham
33%
1933-1945 Franklin D. Roosevelt Stephen Early
33%
1950 (acting) Harry Truman Stephen Early
33%
1931-1933 Herbert Hoover Ted Joslin
33%
2006-2007 George W. Bush Tony Snow
33%
No matching quizzes found
Score Distribution
Percent of People with Each Score
Percentile by Number Answered
Your Score History
You have not taken this quiz